[Event "Steinfurt Bezirksklasse 0405"]
[Site "Germany"]
[Date "2004.12.04"]
[Round "5.3"]
[White "Sterthaus, Udo"]
[Black "Wallasch, Rolf"]
[Result "0-1"]
[WhiteElo "1337"]
[BlackElo "1471"]
[PlyCount "68"]
[EventDate "2004.09.18"]
[EventType "team-tourn"]
[EventRounds "11"]
[EventCountry "GER"]
[SourceTitle "EXT 2006"]
[Source "ChessBase"]
[SourceDate "2005.11.24"]
[SourceVersion "1"]
[SourceVersionDate "2005.11.24"]
[SourceQuality "1"]
[WhiteTeam "Emsdetten Rochade IV"]
[BlackTeam "Ibbenbueren III"]
[WhiteTeamCountry "GER"]
[BlackTeamCountry "GER"]

1. e4 e5 2. Nf3 d6 3. Bc4 Be7 4. d3 Nf6 5. Nc3 c6 6. 0-0 a5 7. a4 Nbd7 8. Be3 0-0 9. Qe2 Nb6 10. Bxb6 Qxb6 11. Bb3 h6 12. h3 Rb8 13. Rfd1 Be6 14. Bxe6 fxe6 15. b3 Qc5 16. Na2 Nh5 17. Qd2 Nf4 18. d4 exd4 19. Nxd4 Qg5 20. f3 c5 21. Nb5 Nxh3+ 22. Kf1 Nf4 23. Nac3 Bf6 24. Qf2 Rbd8 25. Rd2 d5 26. exd5 exd5 27. Rad1 Qh5 28. Ne2 Nxe2 29. Rxe2 d4 30. Rd3 Bg5 31. Ke1 Rfe8 32. Kd1 Rxe2 33. Qxe2 Re8 34. Qf1 Qh2 0-1